|
|
|
|
| LEADER |
01658nam a22004213i 4500 |
| 001 |
EBC30549260 |
| 003 |
MiAaPQ |
| 005 |
20231204023231.0 |
| 006 |
m o d | |
| 007 |
cr cnu|||||||| |
| 008 |
231204s2023 xx o ||||0 eng d |
| 020 |
|
|
|a 9783031293566
|q (electronic bk.)
|
| 020 |
|
|
|z 9783031293559
|
| 035 |
|
|
|a (MiAaPQ)EBC30549260
|
| 035 |
|
|
|a (Au-PeEL)EBL30549260
|
| 035 |
|
|
|a (OCoLC)1385503068
|
| 040 |
|
|
|a MiAaPQ
|b eng
|e rda
|e pn
|c MiAaPQ
|d MiAaPQ
|
| 050 |
|
4 |
|a HV6250-6250.4
|
| 082 |
0 |
|
|a 362.829209052
|
| 100 |
1 |
|
|a Pfitzner, Naomi.
|
| 245 |
1 |
0 |
|a Violence Against Women During Coronavirus :
|b When Staying Home Isn't Safe.
|
| 250 |
|
|
|a 1st ed.
|
| 264 |
|
1 |
|a Cham :
|b Springer International Publishing AG,
|c 2023.
|
| 264 |
|
4 |
|c Ã2023.
|
| 300 |
|
|
|a 1 online resource (150 pages)
|
| 336 |
|
|
|a text
|b txt
|2 rdacontent
|
| 337 |
|
|
|a computer
|b c
|2 rdamedia
|
| 338 |
|
|
|a online resource
|b cr
|2 rdacarrier
|
| 588 |
|
|
|a Description based on publisher supplied metadata and other sources.
|
| 590 |
|
|
|a Electronic reproduction. Ann Arbor, Michigan : ProQuest Ebook Central, 2023. Available via World Wide Web. Access may be limited to ProQuest Ebook Central affiliated libraries.
|
| 655 |
|
4 |
|a Electronic books.
|
| 700 |
1 |
|
|a Fitz-Gibbon, Kate.
|
| 700 |
1 |
|
|a Walklate, Sandra.
|
| 700 |
1 |
|
|a Meyer, Silke.
|
| 700 |
1 |
|
|a Segrave, Marie.
|
| 776 |
0 |
8 |
|i Print version:
|a Pfitzner, Naomi
|t Violence Against Women During Coronavirus
|d Cham : Springer International Publishing AG,c2023
|z 9783031293559
|
| 797 |
2 |
|
|a ProQuest (Firm)
|
| 856 |
4 |
0 |
|u https://ebookcentral.proquest.com/lib/matrademy/detail.action?docID=30549260
|z Click to View
|